000 01114nam a2200301Ia 4500
003 OSt
005 20221007125107.0
006 a|||||r|||| 00| 0
007 ta
008 221006b |||||||| |||| 00| 0 eng d
020 _a0198558449 (pbk)
_cRs.160.00
024 _a3456
037 _bEducational,
_cTextual
040 _aCDL
_cCDL
_beng
041 _2eng
_aeng
082 _aE:213, N4
100 _aScott Stephen K
_9721498
245 0 _aOscillations, waves, chaos in and chemical kinetics by Stephen K Scott
260 _aOxford
_bOxford University Press
_c1994
300 _a90p
_ccm.
490 _aOxford chemistry primers; 18
500 _aIncludes bibliographical references and index; ^mPurchase^n23/CSL/Carc/Cosist/95-96/2629^d1995-06-21; ; 95-96/120^b1995-06-22^c13758/95-96^d1995-06-16^eEducational Book Agency (India)^f1995-06-22^h1995-06-22; ; 1995-07-10^bSB^c1995-12-11
650 _a Chemical kinetics
_9717958
650 _a Physical
_9297719
650 _aChemistry
942 _hE:213, N4
_cTEXL
_2CC
999 _c1214649
_d1214649